Changes to the Energy Performance of Buildings Framework (Record no. 113902)

MARC details
000 -LEADER
fixed length control field 01006cad a22002175a 4500
001 - CONTROL NUMBER
control field L155893
008 - FIXED-LENGTH DATA ELEMENTS--GENERAL INFORMATION
fixed length control field 120419s2012 xxk f 000 0 eng d
020 ## - INTERNATIONAL STANDARD BOOK NUMBER
International Standard Book Number 9781409834366
035 ## - SYSTEM CONTROL NUMBER
System control number (Sirsi) u155893
041 0# - LANGUAGE CODE
Language code of text/sound track or separate title eng
110 2# - MAIN ENTRY--CORPORATE NAME
Corporate name or jurisdiction name as entry element United Kingdom
Subordinate unit Department for Communities and Local Government
9 (RLIN) 4939
245 00 - TITLE STATEMENT
Title Changes to the Energy Performance of Buildings Framework
Remainder of title Policy update 5 Energy Performance Certificate compliance and enforcement
Medium [electronic resource]
260 ## - PUBLICATION, DISTRIBUTION, ETC.
Place of publication, distribution, etc. London
Date of publication, distribution, etc. DCLG
Name of publisher, distributor, etc. 2012
520 ## - SUMMARY, ETC.
Summary, etc. Summaries change to Energy Performance of Building Regulaitons 2007. Outlines details of Energy Performance Certificate compliance and enforce through a series of questions and answers.
590 ## - LOCAL NOTE (RLIN)
Local note KA
651 #4 - SUBJECT ADDED ENTRY--GEOGRAPHIC NAME
Geographic name ENGLAND AND WALES
690 ## - LOCAL SUBJECT ADDED ENTRY--TOPICAL TERM (OCLC, RLIN)
Topical term or geographic name as entry element Residential property
9 (RLIN) 6266
690 ## - LOCAL SUBJECT ADDED ENTRY--TOPICAL TERM (OCLC, RLIN)
Topical term or geographic name as entry element Sustainability
9 (RLIN) 6271
856 40 - ELECTRONIC LOCATION AND ACCESS
Uniform Resource Identifier <a href="https://www.communities.gov.uk/documents/planningandbuilding/pdf/2122141.pdf">https://www.communities.gov.uk/documents/planningandbuilding/pdf/2122141.pdf</a>
Public note View the item free of charge at www.communities.gov.uk
942 ## - ADDED ENTRY ELEMENTS (KOHA)
Suppress in OPAC 0
Holdings
Withdrawn status Lost status Source of classification or shelving scheme Damaged status Not for loan Home library Current library Shelving location Date acquired Total Checkouts Full call number Barcode Date last seen Copy number Price effective from Koha item type
    Dewey Decimal Classification     Virtual Virtual Online 19/04/2012   ONLINE PUBLICATION 155893-2001 06/08/2019 1 06/08/2019 Book